[Event "Lugano op"]
[Site "Lugano"]
[Date "1982.??.??"]
[Round "?"]
[White "Nunn, John DM"]
[Black "Ivanov, Igor V"]
[Result "1/2-1/2"]
[WhiteElo "2590"]
[BlackElo "2515"]

1.e4 c5 2.Nf3 d6 3.d4 cxd4 4.Nxd4 Nf6 5.Nc3 Nc6 6.Bc4 Qb6 7.Nb3 e6 8.O-O Be7
9.a4 O-O 10.Be2 Rd8 11.a5 Qc7 12.f4 Nb4 13.Be3 e5 14.Ra4 d5 15.Nb5 Qxc2 16.fxe5 Nxe4
17.Qxc2 Nxc2 18.Bxa7 Bd7 19.Bb6 Rdc8 20.N3d4 Bg5 21.Nf3 Be3+ 22.Bxe3 Nxe3
23.Re1 Rc5 24.Nfd4 Nc2 25.Nxc2 Rxc2 26.Rb4 Rxa5 27.Nd4 Rc7 28.Rd1 Kf8 29.Rb6 Rac5
30.h3 Rc1 31.Rxc1 Rxc1+ 32.Kh2 Rc7 33.Nb5 Bxb5 34.Rxb5 Nc5 35.Bf3 d4 36.b4 Na4
37.Bxb7 Nc3 38.Rb6 d3 39.Bf3 Ke7 40.Rd6 Rd7 41.Rc6 Nd5 42.b5 d2 43.b6 Ne3
44.Rc3 d1=Q  1/2-1/2

[Event "Lugano op"]
[Site "Lugano"]
[Date "1982.??.??"]
[Round "?"]
[White "Ivanov, Igor V"]
[Black "Bukal, Vladimir Sr"]
[Result "1/2-1/2"]
[WhiteElo "2515"]
[BlackElo "2380"]

1.c4 Nf6 2.Nf3 c5 3.g3 Nc6 4.Bg2 g6 5.b3 Bg7 6.Bb2 O-O 7.O-O d6 8.d4 cxd4
9.Nxd4 Bd7 10.Nc3 Rb8 11.Rc1 a6 12.e3 Qa5 13.a3 Rfc8 14.b4 Qd8 15.Qb3 b6
16.Rfd1 Nxd4 17.exd4 Bh6 18.f4 Bg4 19.Re1 g5 20.h3 Bd7 21.Ne2 d5 22.cxd5 g4
23.hxg4 Bxg4 24.Nc3 Qd7 25.Ne4 Bg7 26.Nf2 Rxc1 27.Rxc1 h5 28.Nd3 Bh3 29.Ne5 Qf5
30.d6 Bxg2 31.Qxf7+ Kh7 32.Kxg2 Qe4+ 33.Kf2 h4 34.Qb3 exd6 35.Nf7 Ng4+ 36.Kg1 Bxd4+
37.Bxd4 Qxd4+ 38.Kh1 Nf2+ 39.Kg2 Ne4 40.Ng5+ Nxg5 41.fxg5 Qd2+  1/2-1/2

[Event "Luzern ol (Men)"]
[Site "Luzern"]
[Date "1982.??.??"]
[Round "2"]
[White "Zapata, Alonso"]
[Black "Ivanov, Igor V"]
[Result "0-1"]
[WhiteElo "2420"]
[BlackElo "2505"]

1.e4 c5 2.Nf3 d6 3.d4 cxd4 4.Nxd4 Nf6 5.Nc3 a6 6.Be2 e6 7.O-O Be7 8.f4 O-O
9.Be3 Nc6 10.Kh1 Bd7 11.Qe1 Rc8 12.Rd1 Qc7 13.Qg3 b5 14.e5 Ne8 15.Ne4 d5
16.Ng5 Nxd4 17.Bxd4 h6 18.Nh3 Qxc2 19.Bd3 Qc6 20.Nf2 f5 21.Qh3 Qb7 22.Rc1 Nc7
23.g4 Ne8 24.Rg1 Rc4 25.gxf5 Rxd4 26.Ng4 Rxd3 27.Nxh6+ Kh7 28.Qxd3 d4+ 29.Rg2 exf5
30.Ng4 Bh4 31.Kg1 Qe4 32.Qh3 fxg4 33.Qxh4+ Kg8 34.Re1 Qxf4 35.Qg3 Be6 36.Rd1 Qe4
37.Qe1 Bd5 38.Qxe4 Bxe4 39.Rf2 Bf3 40.Re1 d3 41.e6 Nf6 42.Re3 Be2  0-1

[Event "Luzern ol (Men)"]
[Site "Luzern"]
[Date "1982.??.??"]
[Round "3"]
[White "Ivanov, Igor V"]
[Black "Kortschnoj, Viktor"]
[Result "1/2-1/2"]
[WhiteElo "2505"]
[BlackElo "2635"]

1.Nf3 Nf6 2.c4 e6 3.d4 Bb4+ 4.Bd2 a5 5.e3 b6 6.Bd3 Bb7 7.O-O O-O 8.a3 Bxd2
9.Nbxd2 c5 10.e4 cxd4 11.Nxd4 Nc6 12.Nxc6 dxc6 13.Nf3 Nd7 14.e5 Nc5 15.Bc2 Qxd1
16.Rfxd1 a4 17.Ng5 h6 18.Ne4 Nxe4 19.Bxe4 Ra5 20.f4 Rc5 21.Rd4 Ba6 22.Bd3 Rb8
23.Rb1 Kf8 24.Kf2 Ke7 25.Rd1 f6 26.exf6+ Kxf6 27.Re1 Re8 28.h4 b5  1/2-1/2

[Event "Luzern ol (Men)"]
[Site "Luzern"]
[Date "1982.??.??"]
[Round "4"]
[White "Mortensen, Erling"]
[Black "Ivanov, Igor V"]
[Result "1-0"]
[WhiteElo "2440"]
[BlackElo "2505"]

1.e4 e5 2.Nf3 Nc6 3.Bb5 a6 4.Ba4 Nf6 5.O-O Be7 6.Re1 b5 7.Bb3 O-O 8.c3 d6
9.h3 h6 10.d4 Re8 11.Nbd2 Bf8 12.Bc2 Bd7 13.Nf1 Na5 14.b3 c5 15.Ng3 Nc6 16.Be3 a5
17.d5 Ne7 18.a4 b4 19.cxb4 axb4 20.Bd3 Ng6 21.Qc1 Nh7 22.Nf5 Bxf5 23.exf5 Ne7
24.Be4 Nf6 25.Qc4 Qc8 26.g4 Qa6 27.Nd2 Qxc4 28.bxc4 Nc8 29.a5 Be7 30.Bc2 Bd8
31.Ba4 Re7 32.Nb3 Nd7 33.Bc6 Rb8 34.Kg2 Na7 35.Ba4 Nf8 36.f4 f6 37.fxe5 fxe5
38.h4 Rf7 39.Kg3 g5 40.hxg5 Bxg5 41.Bxg5 hxg5 42.Rh1 Rh7 43.Nd2 b3 44.Bxb3 Rb4
45.Rh5 Rxh5 46.gxh5 Nh7 47.Kg4 Kg7 48.f6+ Nxf6+ 49.Kxg5 Rb8 50.Bc2 Ng8 51.Rb1 Rb4
52.Rxb4 cxb4 53.Ne4 Nc8 54.a6 Nh6 55.Nxd6 Nxd6 56.a7 Nhf7+ 57.Kh4  1-0

[Event "Luzern ol (Men)"]
[Site "Luzern"]
[Date "1982.??.??"]
[Round "5"]
[White "Ivanov, Igor V"]
[Black "McKay, Roderick M"]
[Result "1/2-1/2"]
[WhiteElo "2505"]
[BlackElo "2320"]

1.Nf3 d6 2.d4 Bg4 3.c4 c6 4.Qb3 Qb6 5.Nc3 Na6 6.e4 g6 7.Be3 Bh6 8.h3 Bxf3
9.gxf3 e5 10.Qxb6 axb6 11.h4 Nb4 12.Kd1 Ke7 13.a3 exd4 14.Bxd4 Nf6 15.h5 c5
16.Bxf6+ Kxf6 17.hxg6 hxg6 18.f4 Kg7 19.Rh4 Nc6 20.Kc2 Kf8 21.Bg2 Bg7 22.Rxh8+ Bxh8  1/2-1/2

[Event "Luzern ol (Men)"]
[Site "Luzern"]
[Date "1982.??.??"]
[Round "7"]
[White "Ivanov, Igor V"]
[Black "Miles, Anthony J"]
[Result "1-0"]
[WhiteElo "2505"]
[BlackElo "2565"]

1.Nf3 Nf6 2.c4 b6 3.g3 c5 4.Bg2 Bb7 5.O-O g6 6.Nc3 Bg7 7.d4 Ne4 8.Qd3 Nxc3
9.bxc3 O-O 10.e4 cxd4 11.cxd4 d6 12.Bg5 Nc6 13.Rac1 Rc8 14.Rfd1 Rc7 15.Qe3 Qa8
16.Bh6 Na5 17.Bxg7 Kxg7 18.c5 Bxe4 19.d5 Bxf3 20.Bxf3 Qc8 21.c6 Qf5 22.Rd4 Qf6
23.Re1 Re8 24.Qd3 Kg8 25.Rf4 Qb2 26.Bg4 f5 27.Bxf5 gxf5 28.Qxf5 Kh8 29.Qh5 Rcc8
30.Rh4 Qg7 31.Re6 Rf8 32.Rh6 Qa1+ 33.Kg2 Rxf2+ 34.Kxf2 Rf8+ 35.Rf4 Rxf4+
36.gxf4 Qd4+ 37.Kg2 Qd2+ 38.Kh3 Qd3+ 39.Kh4 Qe4 40.Rxh7+  1-0

[Event "Luzern ol (Men)"]
[Site "Luzern"]
[Date "1982.??.??"]
[Round "8"]
[White "Ivanov, Igor V"]
[Black "Timman, Jan H"]
[Result "1-0"]
[WhiteElo "2505"]
[BlackElo "2600"]

1.Nf3 Nf6 2.c4 c5 3.Nc3 Nc6 4.g3 d5 5.cxd5 Nxd5 6.Nxd5 Qxd5 7.Bg2 g6 8.O-O Bg7
9.d3 O-O 10.Be3 Bd7 11.Nd4 Qd6 12.Nxc6 Bxc6 13.Bxc6 Qxc6 14.Rc1 Qe6 15.Rxc5 Qxa2
16.Rb5 b6 17.Qa1 Qe6 18.Qa6 Qd7 19.Ra1 h5 20.Rb4 Rfc8 21.Qa4 Qb7 22.h4 Be5
23.Qb3 Rc6 24.d4 Bf6 25.Bf4 a5 26.Rba4 Qa6 27.e4 Rac8 28.e5 Bg7 29.d5 Rc2
30.Re4 b5 31.d6 Qb7 32.Rae1 a4 33.Qd3 Rxb2 34.d7 Rd8 35.e6 Bf6 36.Bg5 Rb3
37.exf7+ Kf8 38.Qe2 Bxg5 39.Rxe7 Qb6 40.hxg5 Rxg3+ 41.Kf1  1-0

[Event "Luzern ol (Men)"]
[Site "Luzern"]
[Date "1982.??.??"]
[Round "9"]
[White "Browne, Walter S"]
[Black "Ivanov, Igor V"]
[Result "1/2-1/2"]
[WhiteElo "2590"]
[BlackElo "2505"]

1.d4 Nf6 2.c4 e6 3.Nf3 b6 4.a3 d5 5.cxd5 exd5 6.Nc3 Be7 7.Bf4 O-O 8.e3 c5
9.Be2 Bb7 10.O-O Nbd7 11.Ne5 Rc8 12.Rc1 cxd4 13.exd4 a6 14.Qd3 b5 15.Nxd7 Qxd7
16.Qg3 Ne4 17.Nxe4 dxe4 18.Be5 g6 19.Bg4 f5 20.Rxc8 Rxc8 21.Bd1 Bd5 22.h4 Rc6
23.h5 Bf8 24.f3 exf3 25.Bxf3 Bxf3 26.Rxf3 Bg7 27.Re3 Re6 28.Bxg7 Kxg7 29.Rxe6 Qxe6
30.hxg6 hxg6 31.Qc7+ Kf6 32.Qd8+ Qe7 33.Qh8+ Kg5 34.Kf2 Qe4 35.g3 Qc2+ 36.Kf3 Qd3+
37.Kf2 Qd2+ 38.Kf3  1/2-1/2

[Event "Luzern ol (Men)"]
[Site "Luzern"]
[Date "1982.??.??"]
[Round "10"]
[White "Quinteros, Miguel A"]
[Black "Ivanov, Igor V"]
[Result "1/2-1/2"]
[WhiteElo "2520"]
[BlackElo "2505"]

1.c4 Nf6 2.g3 c6 3.Bg2 d5 4.Qc2 g6 5.b3 Bg7 6.Bb2 Na6 7.Nf3 O-O 8.a3 b6 9.b4 Bb7
10.d4 c5 11.b5 Nc7 12.dxc5 bxc5 13.a4 d4 14.O-O Re8 15.Ne5 Bxg2 16.Kxg2 Qd6
17.Nc6 e5 18.e4 d3 19.Qd2 Nxe4 20.Qe3 Nf6 21.Bxe5 Qd7 22.Qxc5 Ne4 23.Qd4 Qxd4
24.Bxd4 Bxd4 25.Nxd4 Ne6 26.Nxe6 Rxe6 27.Rd1 Rd8 28.Ra3 Nc5 29.a5 Re2 30.Nd2 Rd6
31.Kg1 Rf6 32.f3 Rfe6 33.Raa1 Kg7 34.a6  1/2-1/2

[Event "Luzern ol (Men)"]
[Site "Luzern"]
[Date "1982.??.??"]
[Round "11"]
[White "Ivanov, Igor V"]
[Black "Rogers, Ian"]
[Result "0-1"]
[WhiteElo "2505"]
[BlackElo "2365"]

1.Nf3 Nf6 2.c4 g6 3.Nc3 d5 4.d4 Bg7 5.cxd5 Nxd5 6.e4 Nxc3 7.bxc3 O-O 8.h3 b6
9.Be3 Bb7 10.Bd3 c5 11.Rc1 cxd4 12.cxd4 e6 13.O-O Nc6 14.Bb1 Qd7 15.Qd2 Rac8
16.Rfd1 Na5 17.Bh6 Rxc1 18.Rxc1 Rc8 19.Bxg7 Rxc1+ 20.Qxc1 Kxg7 21.Qf4 f6
22.h4 Nc6 23.e5 f5 24.h5 Nd8 25.h6+ Kg8 26.Ng5 Qd5 27.f3 Nc6 28.Bd3 Nxd4
29.Kh1 b5 30.Be4 Qd7 31.Bxb7 Ne2 32.Qe3 Ng3+ 33.Kg1 Qd1+  0-1

[Event "Luzern ol (Men)"]
[Site "Luzern"]
[Date "1982.??.??"]
[Round "12"]
[White "Handoko, Edhi"]
[Black "Ivanov, Igor V"]
[Result "1/2-1/2"]
[WhiteElo "2375"]
[BlackElo "2505"]

1.e4 c5 2.Nf3 d6 3.d4 cxd4 4.Nxd4 Nf6 5.Nc3 Nc6 6.Be2 e5 7.Nb3 Be7 8.O-O O-O
9.f4 a5 10.a4 Nb4 11.Be3 Be6 12.Bf3 exf4 13.Bxf4 Nxc2 14.Qxc2 Qb6+ 15.Kh1 Bxb3
16.Qd2 Bc4 17.Rfd1 Rfd8 18.Be3 Qb4 19.Qf2 Nd7 20.Rd4 Nb6 21.Rxc4 Nxc4 22.Nd5 Qxb2
23.Nxe7+ Kf8 24.Qxb2 Nxb2 25.Nf5 Nc4 26.Rb1 Nxe3 27.Nxe3 Rdc8 28.Kg1 Rab8
29.Be2 Rc3 30.Nc4 Rc2 31.Kf1 Rc8 32.Nxa5 Ra2 33.Bd1 b5 34.Rxb5 Rc1 35.Rd5 Rxa4
36.Nb7 Rxe4 37.Nxd6 Re5 38.Rd4 g6 39.Kf2 Rc7 40.Ne4 Ke7 41.Ba4 f5 42.Nd2 Kf6
43.Bb3 Rb5 44.h4 Rc3 45.Rd6+ Ke7 46.Re6+ Kd7 47.Re3 Rxe3 48.Kxe3 Ke7 49.Bc4 Rb2
50.g3 Kf6 51.Bd3  1/2-1/2

[Event "Luzern ol (Men)"]
[Site "Luzern"]
[Date "1982.??.??"]
[Round "13"]
[White "Ivanov, Igor V"]
[Black "Hort, Vlastimil"]
[Result "1/2-1/2"]
[WhiteElo "2505"]
[BlackElo "2600"]

1.d4 Nf6 2.Nf3 e6 3.c4 b6 4.a3 Bb7 5.Nc3 d5 6.cxd5 exd5 7.Bf4 Bd6 8.Bxd6 Qxd6
9.Rc1 a6 10.g3 O-O 11.Bg2 Nbd7 12.O-O c5 13.dxc5 bxc5 14.Nd2 Rab8 15.Qc2 Rfe8
16.Rfe1 d4 17.Nce4 Nxe4 18.Bxe4 Bxe4 19.Nxe4 Qg6 20.Nxc5 Qxc2 21.Rxc2 Nxc5  1/2-1/2

[Event "Brighton"]
[Site "Brighton"]
[Date "1983.??.??"]
[Round "1"]
[White "Nunn, John DM"]
[Black "Ivanov, Igor V"]
[Result "1-0"]
[WhiteElo "2590"]
[BlackElo "2515"]

1.e4 e5 2.Nf3 Nc6 3.Bb5 a6 4.Ba4 Nf6 5.O-O Be7 6.Re1 b5 7.Bb3 O-O 8.a4 b4
9.a5 Rb8 10.d4 d6 11.d5 Na7 12.Nbd2 c6 13.dxc6 Nxc6 14.Nc4 Rb5 15.Be3 d5
16.Ncxe5 Nxe5 17.Nxe5 dxe4 18.Qxd8 Bxd8 19.Nc6 Bb7 20.Nxd8 Rxd8 21.Bb6 Rc8
22.Rad1 Rg5 23.h4 Rh5 24.Bd8 Bd5 25.g4 Bxb3 26.gxh5 Bxc2 27.Rc1 Rc6 28.Bxf6 gxf6
29.Re3 f5 30.b3 f4 31.Re2 Bd3 32.Rxc6 Bxe2 33.Rb6 f3 34.Kh2 e3 35.Kg3 exf2
36.Kxf2 Kf8 37.Rxb4 Ke7 38.Rb6  1-0

[Event "Brighton"]
[Site "Brighton"]
[Date "1983.??.??"]
[Round "4"]
[White "Murrey, Jacob"]
[Black "Ivanov, Igor V"]
[Result "1-0"]
[WhiteElo "2485"]
[BlackElo "2515"]

1.c4 Nf6 2.Nc3 g6 3.e4 d6 4.d4 Bg7 5.f3 O-O 6.Be3 Nc6 7.Nge2 Rb8 8.Qd2 a6
9.h4 e5 10.d5 Na5 11.b3 b5 12.Nd1 c5 13.cxb5 Nh5 14.g4 Nf4 15.bxa6 Bxa6 16.Ng3 Ra8
17.Bxa6 Rxa6 18.Rc1 Qf6 19.Kf1 Rfa8 20.Nc3 Nb7 21.Nge2 Nd3 22.Qxd3 Qxf3+
23.Kg1 c4 24.Qd2 cxb3 25.axb3 Ra3 26.Rh2 Na5 27.Rf1 Qxg4+ 28.Rg2 Qxh4 29.Nb5 Nxb3
30.Qc3 Ra1 31.Qxb3 Rxf1+ 32.Kxf1 Ra1+ 33.Bc1 Bh6 34.Qc3 Rb1 35.Na3 Rb8 36.Qg3 Qh1+
37.Rg1 Qh5 38.Qg4 Qh2 39.Qg2 Qh5 40.Rh1 Bxc1 41.Rxh5 Bxa3 42.Kg1 Bc5+ 43.Kh2 Rb2
44.Rh3 Kg7 45.Rc3  1-0

[Event "Brighton"]
[Site "Brighton"]
[Date "1983.??.??"]
[Round "6"]
[White "Mednis, Edmar John"]
[Black "Ivanov, Igor V"]
[Result "1-0"]
[WhiteElo "2455"]
[BlackElo "2515"]

1.c4 Nf6 2.g3 e5 3.Bg2 d5 4.cxd5 Nxd5 5.Nc3 Nb6 6.Nf3 Nc6 7.O-O Be7 8.d3 O-O
9.a3 Be6 10.b4 a5 11.b5 Nd4 12.Bb2 Nb3 13.Rb1 f6 14.Nd2 Nxd2 15.Qxd2 Nc4
16.Qc1 Nxb2 17.Qxb2 Rb8 18.a4 Qd4 19.Qc2 Rfd8 20.Ne4 Rbc8 21.Nd2 c6 22.bxc6 bxc6
23.Rb7 Bb4 24.Rc1 c5 25.Nc4 h5 26.Be4 Rf8 27.e3 Qd8 28.Qe2 Bg4 29.Bf3 Bxf3
30.Qxf3 Qxd3 31.Rd1 Qg6 32.Rdd7 Rcd8 33.Rxg7+ Qxg7 34.Rxg7+ Kxg7 35.Qxh5 Rd3
36.Qg4+ Kh6 37.h4 Rdd8 38.Qf5 Kg7 39.h5 Kh8 40.Kg2 Bc3 41.Qc2 Bb4 42.Qf5 Bc3
43.h6 Rf7 44.Qe6 Rdf8 45.Nd6  1-0

[Event "Brighton"]
[Site "Brighton"]
[Date "1983.??.??"]
[Round "7"]
[White "Ivanov, Igor V"]
[Black "Burger, Karl"]
[Result "1-0"]
[WhiteElo "2515"]
[BlackElo "2360"]

1.d4 Nf6 2.c4 e6 3.Nf3 Bb4+ 4.Bd2 Bxd2+ 5.Qxd2 d5 6.Nc3 O-O 7.e3 Nbd7 8.Rc1 Qe7
9.cxd5 exd5 10.Bd3 c6 11.Qc2 Re8 12.O-O Nf8 13.a3 Ne4 14.Bxe4 dxe4 15.Nd2 f5
16.d5 Ng6 17.Nc4 Ne5 18.Nxe5 Qxe5 19.Rfd1 Kf8 20.Qa4 c5 21.b4 c4 22.Qb5 a6
23.Qb6 Bd7 24.Qxb7 Qd6 25.Nxe4 fxe4 26.Rxc4 Reb8 27.Qc7 Qxc7 28.Rxc7 Rd8
29.Rd4 Be8 30.f3 exf3 31.gxf3 Rac8 32.Rc5 Bf7 33.e4 Ke7 34.Kf2 Kd6 35.Rdc4 Rxc5
36.bxc5+ Ke5 37.Ke3 g5 38.c6 Rb8 39.c7 Rc8 40.Rc6 Bg8 41.h4  1-0

[Event "Brighton"]
[Site "Brighton"]
[Date "1983.??.??"]
[Round "8"]
[White "Short, Nigel D"]
[Black "Ivanov, Igor V"]
[Result "1-0"]
[WhiteElo "2475"]
[BlackElo "2515"]

1.e4 c5 2.Nf3 d6 3.d4 cxd4 4.Nxd4 Nf6 5.Nc3 Nc6 6.Bg5 e6 7.Qd2 Qb6 8.O-O-O Qxd4
9.Qxd4 Nxd4 10.Rxd4 a6 11.f3 Bd7 12.Bc4 Be7 13.Bb3 Bc6 14.Kb1 Rd8 15.Rhd1 h6
16.Be3 O-O 17.R4d2 Rd7 18.a3 b5 19.Ne2 Rc8 20.Nd4 Rdc7 21.Nxc6 Rxc6 22.Bf4 Ne8
23.Rd3 Kf8 24.c3 Rb6 25.Bg3 a5 26.R1d2 Rcb8 27.Ka2 Ra6 28.Rd4 Bf6 29.Bxd6+ Nxd6
30.Rxd6 Rxd6 31.Rxd6 b4 32.cxb4 axb4 33.a4 Be5 34.Rc6 Bxh2 35.a5 Rb5 36.a6 Ra5+
37.Kb1 Ke7 38.Bc4 Kd7 39.Rb6 Bc7 40.Rxb4 Kc6 41.Rb7 Rc5 42.Bb5+  1-0

[Event "Hastings8384"]
[Site "Hastings"]
[Date "1983.??.??"]
[Round "2"]
[White "Ftacnik, Lubomir"]
[Black "Ivanov, Igor V"]
[Result "1/2-1/2"]
[WhiteElo "2535"]
[BlackElo "2515"]

1.d4 Nf6 2.c4 g6 3.Nc3 Bg7 4.e4 O-O 5.Nf3 d6 6.Be2 e5 7.O-O Nc6 8.d5 Ne7
9.Ne1 Nd7 10.Nd3 f5 11.Bd2 Nf6 12.f3 f4 13.c5 g5 14.Rc1 Ng6 15.cxd6 cxd6
16.Nb5 Rf7 17.Qc2 g4 18.Nc7 gxf3 19.gxf3 Bh3 20.Ne6 Qe7 21.Rf2 Bh6 22.Kh1 Kh8
23.Qb3 Bxe6 24.dxe6 Rg7 25.Rg2 Nf8 26.Rxg7 Bxg7 27.Nb4 Nxe6 28.Bc4 Nd4 29.Qd1 Rc8
30.Nd5 Qe8 31.Nxf6 Bxf6 32.Bd5 Rxc1 33.Bxc1 Qh5 34.Kg2 Qg5+ 35.Kf1 Qh6 36.Kg2 Bd8
37.Bd2 Bb6 38.Be1 Nc6 39.Bc3 Qg5+ 40.Kh1 Ne7 41.Bxb7 Ng6 42.Bc8 h5 43.Bh3 Nh4
44.Bb4 Nxf3 45.Bxd6 Nd2 46.Qc1 Nc4 47.Be7 Qxe7 48.Qxc4 f3 49.Qc6 Qg5 50.Qe8+ Kg7
51.Qd7+ Kh6 52.Qd6+ Qg6 53.Qf8+ Qg7 54.Qxg7+ Kxg7 55.Bd7 Kg6 56.h4 Bf2  1/2-1/2

[Event "Hastings8384"]
[Site "Hastings"]
[Date "1983.??.??"]
[Round "3"]
[White "Ivanov, Igor V"]
[Black "Alburt, Lev O"]
[Result "1/2-1/2"]
[WhiteElo "2515"]
[BlackElo "2570"]

1.d4 Nf6 2.c4 c5 3.d5 b5 4.cxb5 a6 5.bxa6 g6 6.Nc3 Bxa6 7.Nf3 d6 8.e4 Bxf1
9.Kxf1 Bg7 10.g3 O-O 11.Kg2 Nbd7 12.Qe2 Qb6 13.Rd1 Qa6 14.Qxa6 Rxa6 15.Nd2 Rb8
16.a3 Nb6 17.Ra2 Ng4 18.Ne2 f5 19.h3 Ne5 20.Nf4 Na4 21.exf5 gxf5 22.Re1 c4
23.Nf1 Bh6 24.Re2 Rb3 25.Rc2 Nb6 26.Ra1 Bxf4 27.Bxf4 Nd3 28.Be3 Nxd5 29.Rxc4 Nxb2
30.Rd4 Nc3 31.Rf4 e6 32.g4 Ne2 33.Rf3 Nc4 34.Re1 fxg4 35.hxg4 Nxe3+ 36.Nxe3 Nd4
37.Rf4 Rd3 38.Rb1 Raxa3 39.Rb7 Rab3 40.Rxd4 Rxe3 41.Re7 Red3 42.Rf4 e5 43.Rff7 Rd4  1/2-1/2

[Event "Hastings8384"]
[Site "Hastings"]
[Date "1983.??.??"]
[Round "4"]
[White "Ivanov, Igor V"]
[Black "Martin, Andrew D"]
[Result "0-1"]
[WhiteElo "2515"]
[BlackElo "2340"]

1.d4 Nf6 2.c4 e6 3.Nc3 c5 4.d5 exd5 5.cxd5 d6 6.e4 g6 7.Bd3 Bg7 8.Nge2 O-O
9.O-O b6 10.Ng3 Ba6 11.Bxa6 Nxa6 12.Bg5 Qd7 13.Qf3 Ne8 14.Qe2 Nec7 15.f4 f6
16.Bh4 Rae8 17.f5 g5 18.Nh5 gxh4 19.Rf4 Bh6 20.Rxh4 Kh8 21.Rf1 Nb4 22.Rd1 Qf7
23.Kf1 Bg5 24.Rh3 Re5 25.a3 Rfe8 26.axb4 cxb4 27.Nb5 Nxb5 28.Qxb5 Rxe4 29.Ng3 Rf4+
30.Kg1 Qe7 31.Nf1 Rxf5 32.Qxb4 Qe2 33.Qd4 Re4 34.Qd3 Qf2+ 35.Kh1 Re2  0-1

[Event "Hastings8384"]
[Site "Hastings"]
[Date "1983.??.??"]
[Round "6"]
[White "Ivanov, Igor V"]
[Black "Mestel, A Jonathan"]
[Result "0-1"]
[WhiteElo "2515"]
[BlackElo "2500"]

1.d4 Nf6 2.Nf3 g6 3.c4 Bg7 4.g3 O-O 5.Bg2 d6 6.O-O Nc6 7.Nc3 a6 8.h3 Rb8
9.a4 a5 10.e4 e5 11.Bg5 exd4 12.Nxd4 Nxd4 13.Qxd4 h6 14.Bd2 Be6 15.Qd3 Nd7
16.b3 Nc5 17.Qc2 c6 18.Rfd1 g5 19.Be3 Qe7 20.Bd4 Be5 21.Rd2 f5 22.Bxe5 dxe5
23.exf5 Bxf5 24.Ne4 Rbd8 25.Re1 Rxd2 26.Qxd2 Bxe4 27.Bxe4 Nxb3 28.Qc3 Qb4
29.Qe3 Qc5 30.Bg2 Rf5 31.Be4 Rf6 32.Bg2 Rf5 33.Be4 Rf7 34.Bg6 Rf6 35.Bh5 e4
36.Qxe4 Qxf2+ 37.Kh1 Qf5 38.Qe8+ Rf8 39.Qe6+ Qxe6 40.Rxe6 Rf1+ 41.Kg2 Ra1
42.Rxh6 Rxa4 43.Rg6+ Kf8 44.Rxg5 Rb4 45.Bd1 a4 46.h4 Rxc4 47.h5 Rd4 48.Bxb3 axb3
49.h6 Rd2+ 50.Kh3 Rd6 51.Rf5+ Ke7 52.Rf3 Rxh6+ 53.Kg4 b2 54.Rb3 Rh2  0-1

[Event "Hastings8384"]
[Site "Hastings"]
[Date "1983.??.??"]
[Round "7"]
[White "Short, Nigel D"]
[Black "Ivanov, Igor V"]
[Result "0-1"]
[WhiteElo "2475"]
[BlackElo "2515"]

1.e4 c5 2.Nf3 d6 3.d4 cxd4 4.Nxd4 Nf6 5.Nc3 Nc6 6.Bg5 Qb6 7.Nb3 e6 8.a4 Be7
9.a5 Qd8 10.Be2 O-O 11.O-O h6 12.Be3 Bd7 13.f4 Nb4 14.Bf3 e5 15.Rf2 Qc7 16.Rd2 Rfe8
17.h3 Bf8 18.fxe5 dxe5 19.Qf1 Be6 20.Nc1 Red8 21.Rxd8 Rxd8 22.Qf2 a6 23.Kh2 Rd4
24.Kh1 Rc4 25.Nb3 Rc6 26.Bb6 Qc8 27.Rd1 Nd7 28.Be3 Qc7 29.Ra1 Nc5 30.Nxc5 Bxc5
31.Bxc5 Rxc5 32.Ra4 Rc4 33.Qe2 Rd4 34.Ra1 Qd8 35.Nb1 Qg5 36.c3 Bc4 37.Qf2 Nd3
38.Qg1 Qg3 39.Qh2 Nf2+ 40.Kg1 Rd1+ 41.Bxd1 Qe3  0-1

[Event "Hastings8384"]
[Site "Hastings"]
[Date "1983.??.??"]
[Round "8"]
[White "Ivanov, Igor V"]
[Black "Gurevich, Dmitry"]
[Result "1/2-1/2"]
[WhiteElo "2515"]
[BlackElo "2510"]

1.e4 d6 2.d4 Nf6 3.Nc3 g6 4.g3 Bg7 5.Bg2 O-O 6.Nge2 e5 7.h3 Nc6 8.Be3 exd4
9.Nxd4 Nxd4 10.Bxd4 Bd7 11.O-O Re8 12.Re1 c5 13.Be3 Bc6 14.Qd3 Qb6 15.Rab1 Rad8
16.b4 Qc7 17.b5 Bd7 18.Bg5 Rb8 19.e5 Bf5 20.b6 Qd8 21.bxa7 Bxd3 22.axb8=Q Qxb8
23.exf6 Bxc2 24.fxg7 Bxb1 25.Rxb1 Kxg7 26.Rxb7 Qc8 27.Bd5 Qf5 28.Bf4 Re6
29.Kg2 h6 30.g4 Qxf4 31.Bxe6 Qe5 32.Rxf7+ Kh8  1/2-1/2

[Event "Hastings8384"]
[Site "Hastings"]
[Date "1983.??.??"]
[Round "11"]
[White "Kudrin, Sergey"]
[Black "Ivanov, Igor V"]
[Result "1/2-1/2"]
[WhiteElo "2510"]
[BlackElo "2515"]

1.e4 e5 2.Nf3 Nc6 3.Bc4 Nf6 4.d3 Bc5 5.c3 Bb6 6.O-O d6 7.Nbd2 O-O 8.h3 Ne7
9.Re1 Ng6 10.Nf1 c6 11.Bb3 Re8 12.Ng3 d5 13.Bg5 h6 14.Bxf6 Qxf6 15.exd5 Nh4
16.d4 Nxf3+ 17.Qxf3 Qxf3 18.gxf3 Bxh3 19.dxe5 cxd5 20.Bxd5 Rad8 21.Rad1 Rf8
22.Kh2 Bxf2  1/2-1/2

[Event "Hastings8384"]
[Site "Hastings"]
[Date "1983.??.??"]
[Round "12"]
[White "Ivanov, Igor V"]
[Black "Sax, Gyula"]
[Result "1/2-1/2"]
[WhiteElo "2515"]
[BlackElo "2570"]

1.d4 Nf6 2.c4 e6 3.Nc3 Bb4 4.Qc2 O-O 5.Nf3 c5 6.dxc5 Na6 7.e3 Nxc5 8.Bd2 b6
9.Be2 Bb7 10.O-O Nce4 11.Nxe4 Bxe4  1/2-1/2

[Event "New York Kavkasian"]
[Site "New York"]
[Date "1983.??.??"]
[Round "?"]
[White "Ivanov, Igor V"]
[Black "Kudrin, Sergey"]
[Result "1/2-1/2"]
[WhiteElo "2515"]
[BlackElo "2510"]

1.d4 Nf6 2.c4 e6 3.Nf3 c5 4.d5 exd5 5.cxd5 d6 6.Nc3 g6 7.Nd2 Nbd7 8.e4 Bg7
9.Nc4 Nb6 10.Bg5 Nxc4 11.Bxc4 h6 12.Bh4 O-O 13.O-O a6 14.a4 Bd7 15.Re1 Qb6
16.Qc2 g5 17.Bg3 Nh5 18.a5 Qc7 19.e5 dxe5 20.d6 Qxd6 21.Rad1 Qc6 22.Bxe5 Bxe5
23.Rxe5 Rae8 24.Rxe8 Rxe8 25.Bd5 Qf6 26.Bxb7 Bc6 27.Bxc6 Qxc6 28.g3 Nf6 29.Qf5 Kg7
30.h3 Re6 31.Kh2  1/2-1/2

[Event "New York Kavkasian"]
[Site "New York"]
[Date "1983.??.??"]
[Round "?"]
[White "Henley, Ron W"]
[Black "Ivanov, Igor V"]
[Result "1/2-1/2"]
[WhiteElo "2525"]
[BlackElo "2515"]

1.d4 Nf6 2.c4 e6 3.Nf3 b6 4.Nc3 Bb7 5.a3 Be7 6.d5 O-O 7.g3 Na6 8.Bg2 Nc5
9.Nd4 a5 10.O-O Ne8 11.Rb1 Qc8 12.b4 axb4 13.axb4 Na6 14.Nc6 Bf6 15.Ne4 Kh8
16.Nxf6 Nxf6 17.Bb2 Ng8 18.Qd2 f6 19.Bc3 e5 20.f4 Qe8 21.b5 Nc5 22.Nb4 exf4
23.Qxf4 d6 24.Nd3 Nd7 25.Be4  1/2-1/2

[Event "New York Kavkasian"]
[Site "New York"]
[Date "1983.??.??"]
[Round "?"]
[White "Ivanov, Igor V"]
[Black "Byrne, Robert E"]
[Result "1/2-1/2"]
[WhiteElo "2515"]
[BlackElo "2515"]

1.d4 Nf6 2.c4 g6 3.Nc3 Bg7 4.e4 d6 5.f3 a6 6.Be3 c6 7.Qd2 b5 8.cxb5 axb5
9.Bd3 O-O 10.Nge2 Nbd7 11.O-O e5 12.b4 exd4 13.Nxd4 Ne5 14.Be2 Be6 15.Rfd1 Ra3
16.Rac1 Bc4 17.f4 Neg4 18.Nxc6 Qe8 19.Bxg4 Nxg4 20.Na5 Nxe3 21.Qxe3 Bxa2
22.Rxd6 Rxc3 23.Rxc3 Bxc3 24.Qxc3 Qxe4 25.Rd4 Qe6 26.Nb7 Rc8  1/2-1/2

[Event "New York Kavkasian"]
[Site "New York"]
[Date "1983.??.??"]
[Round "?"]
[White "Lobron, Eric"]
[Black "Ivanov, Igor V"]
[Result "1/2-1/2"]
[WhiteElo "2480"]
[BlackElo "2515"]

1.e4 c5 2.Nf3 d6 3.d4 cxd4 4.Nxd4 Nf6 5.Nc3 Nc6 6.Bg5 e6 7.Qd2 Qb6 8.Nb3 a6
9.Be2 Qc7 10.f4 Be7 11.O-O-O Bd7 12.Rhe1 O-O-O 13.Bf3 h6 14.Bxf6 Bxf6 15.Qxd6 Bxc3
16.bxc3 e5 17.f5 Qxd6 18.Rxd6 Kc7 19.Red1 b6 20.c4 Bc8 21.c5 bxc5 22.Rxd8 Rxd8
23.Nxc5 Rxd1+ 24.Bxd1 Kd6 25.Nb3 Bb7 26.Kd2 Nd4 27.Kd3 Nxb3 28.cxb3 Kc5 29.a3 a5
30.Bh5 f6 31.g3 Ba6+ 32.Kc3 Bb7 33.b4+ axb4+ 34.axb4+ Kb6 35.Bf3 Bc6 36.Kc4 Bb7
37.Kd3 Kb5 38.Kc3 Kb6 39.h4 Bc6 40.Bg2 Bb7 41.Kd3 Kb5 42.Kc3 Kb6 43.Kc4 Bc6
44.Bf3 Bb7 45.b5 Ba8 46.Kb4 Bb7 47.g4 Ba8 48.h5  1/2-1/2

[Event "New York Kavkasian"]
[Site "New York"]
[Date "1983.??.??"]
[Round "?"]
[White "Spraggett, Kevin"]
[Black "Ivanov, Igor V"]
[Result "0-1"]
[WhiteElo "2490"]
[BlackElo "2515"]

1.c4 Nf6 2.Nc3 c5 3.Nf3 Nc6 4.d4 cxd4 5.Nxd4 e6 6.g3 Bc5 7.Nb3 Be7 8.Bg2 O-O
9.O-O d6 10.Bf4 Nh5 11.Be3 Bd7 12.Nd4 Qb8 13.Rc1 Nf6 14.h3 Rd8 15.Qd2 Ne5
16.b3 a6 17.Rfd1 Qc7 18.f4 Ng6 19.Bf2 Rac8 20.e4 Qb8 21.a4 Re8 22.Qd3 Bd8
23.Nde2 Be7 24.Rd2 b6 25.Rf1 Bc6 26.Nd4 Ba8 27.Be3 Nd7 28.Rdf2 Bf6 29.Nde2 Nc5
30.Qd1 Rcd8 31.h4 Ne7 32.Bd4 Nd7 33.Bh3 Nc6 34.Be3 Nc5 35.f5 exf5 36.Bxf5 Ne5
37.Nd4 Ng6 38.h5 d5 39.Rg2 dxc4 40.hxg6 hxg6 41.Bh3 Nxe4 42.Nce2 Nc3 43.Qc1 Bxg2
44.Bxg2 Rxd4 45.Nxd4  0-1

[Event "New York Kavkasian"]
[Site "New York"]
[Date "1983.??.??"]
[Round "?"]
[White "Alburt, Lev O"]
[Black "Ivanov, Igor V"]
[Result "1-0"]
[WhiteElo "2570"]
[BlackElo "2515"]

1.d4 Nf6 2.c4 e6 3.g3 c5 4.d5 exd5 5.cxd5 b5 6.Bg2 d6 7.b4 cxb4 8.a3 b3 9.Qxb3 a6
10.a4 bxa4 11.Qxa4+ Nbd7 12.Nf3 Be7 13.Nd4 O-O 14.Nc6 Qe8 15.Be3 Bd8 16.Nxd8 Qxd8
17.Qc6 Rb8 18.Qxd6 Re8 19.Nc3 Bb7 20.O-O Rc8 21.Rfb1 Rxc3 22.Rxb7 Rc2 23.Qxa6 Rxe3
24.fxe3 h5 25.Ra7 Qe7 26.Qd3 Qc5 27.Ra8+ Nf8 28.Qa3 Qxa3 29.R8xa3 Rxe2 30.Bf3 Rb2
31.Ra8 g5 32.e4 Nd7 33.Bxh5 Ne5 34.Re8  1-0

[Event "New York Kavkasian"]
[Site "New York"]
[Date "1983.??.??"]
[Round "?"]
[White "Ivanov, Igor V"]
[Black "Lein, Anatoly"]
[Result "1/2-1/2"]
[WhiteElo "2515"]
[BlackElo "2465"]

1.Nf3 Nf6 2.c4 e6 3.g3 d5 4.Bg2 Be7 5.O-O O-O 6.d4 Nbd7 7.Qc2 dxc4 8.Qxc4 a6
9.Nc3 b5 10.Qd3 Bb7  1/2-1/2